Moral mazes : The world of corporate managers

Contents: Introduction: Business as a social and moral terrain; Moral probations, old and new; The social structure of managerial work; The main chance...

Uloženo v:
Podrobná bibliografie
Hlavní autor: Jackall, Robert
Médium: Kniha
Jazyk:Undetermined
Vydáno: New York Oxford University Press 1988
Témata:
Tagy: Přidat tag
Žádné tagy, Buďte první, kdo otaguje tento záznam!
Thư viện lưu trữ: Trung tâm Học liệu Trường Đại học Cần Thơ
LEADER 00741nam a2200217Ia 4500
001 CTU_186736
008 210402s9999 xx 000 0 und d
082 |a 174.4 
082 |b J13 
100 |a Jackall, Robert 
245 0 |a Moral mazes : 
245 4 |b The world of corporate managers 
245 0 |c Robert Jackall 
260 |a New York 
260 |b Oxford University Press 
260 |c 1988 
520 |a Contents: Introduction: Business as a social and moral terrain; Moral probations, old and new; The social structure of managerial work; The main chance... 
650 |a Business ethics,Đạo đức kinh doanh 
650 |z United States,Mỹ 
904 |i Giang 
980 |a Trung tâm Học liệu Trường Đại học Cần Thơ